Obra filosófica
Saved in:
| Hovedforfatter: | |
|---|---|
| Format: | Bog |
| Sprog: | spansk |
| Udgivet: |
Barcelona
Ariel
1967
|
| Fag: | |
| Tags: |
Tilføj Tag
Ingen Tags, Vær først til at tagge denne postø!
|
MARC
| LEADER | 00000nam a2200000 a 4500 | ||
|---|---|---|---|
| 001 | UCY9267 | ||
| 003 | CL-VaPUC | ||
| 008 | 950713e19670000SP |||||||||||||||||spa|d | ||
| 082 | 0 | 4 | |a 100 |b BOF |2 21 |
| 100 | 0 | |a Bofill i Bofill, Jaime |e author |9 341343 | |
| 245 | 1 | 0 | |a Obra filosófica |
| 300 | |a 275 p | ||
| 942 | |c BK | ||
| 945 | |d 19950713 00:00:00 |a aalvarez | ||
| 260 | |a Barcelona |b Ariel |c 1967 | ||
| 650 | 0 | |a Filosofía |9 223554 | |
| 583 | |a last modification |c 19950713 00:00:00 |k Rodrigo Vera | ||
| 999 | |c 236391 |d 236389 | ||
| 952 | |0 0 |1 0 |4 0 |6 100_000000000000000_BOF_1967 |7 0 |8 P |9 244455 |a BIBEDU |b BIBEDU |c BIBEDU_PB |d 2019-11-18 |i 3104575 |o 100 BOF 1967 |p 3104575 |r 2024-01-25 |w 2019-11-18 |y BK |k FIL | ||